<?xml version="1.0" encoding="UTF-8"?><marc:collection xmlns:marc="http://www.loc.gov/MARC21/slim">
  <marc:record>
    <marc:leader>00000nam  2200000za 4500</marc:leader>
    <marc:controlfield tag="001">9.849593</marc:controlfield>
    <marc:controlfield tag="003">CaOODSP</marc:controlfield>
    <marc:controlfield tag="005">20221107153943</marc:controlfield>
    <marc:controlfield tag="007">cr |||||||||||</marc:controlfield>
    <marc:controlfield tag="008">180105t20182017oncabd  ob   f000 0 fre d</marc:controlfield>
    <marc:datafield tag="020" ind1=" " ind2=" ">
      <marc:subfield code="a">9780660244426</marc:subfield>
    </marc:datafield>
    <marc:datafield tag="040" ind1=" " ind2=" ">
      <marc:subfield code="a">CaOODSP</marc:subfield>
      <marc:subfield code="b">fre</marc:subfield>
    </marc:datafield>
    <marc:datafield tag="043" ind1=" " ind2=" ">
      <marc:subfield code="a">n-cn---</marc:subfield>
    </marc:datafield>
    <marc:datafield tag="086" ind1="1" ind2=" ">
      <marc:subfield code="a">H129-82/2018F-PDF</marc:subfield>
    </marc:datafield>
    <marc:datafield tag="245" ind1="0" ind2="0">
      <marc:subfield code="a">Guide pour la gestion de la santé publique et environnementale en cas d’incident mettant en cause du pétrole brut </marc:subfield>
      <marc:subfield code="h">[ressource électronique] : </marc:subfield>
      <marc:subfield code="b">guide à l'intention des praticiens de la santé publique et de la gestion des urgences / </marc:subfield>
      <marc:subfield code="c">Unité de préparation et d'intervention en cas d'urgence chimique, Santé Canada.</marc:subfield>
    </marc:datafield>
    <marc:datafield tag="250" ind1=" " ind2=" ">
      <marc:subfield code="a">Version 1.0.</marc:subfield>
    </marc:datafield>
    <marc:datafield tag="260" ind1=" " ind2=" ">
      <marc:subfield code="a">Ottawa : </marc:subfield>
      <marc:subfield code="b">Santé Canada, </marc:subfield>
      <marc:subfield code="c">2018, c2017.</marc:subfield>
    </marc:datafield>
    <marc:datafield tag="300" ind1=" " ind2=" ">
      <marc:subfield code="a">xii, 165 p. : </marc:subfield>
      <marc:subfield code="b">cartes en coul., graph. en coul., ill. (principalement en coul.)</marc:subfield>
    </marc:datafield>
    <marc:datafield tag="500" ind1=" " ind2=" ">
      <marc:subfield code="a">Publ. aussi en anglais sous le titre: Guidance for the environmental public health management of crude oil incidents: a guide intended for public health emergency and emergency management practitioners.</marc:subfield>
    </marc:datafield>
    <marc:datafield tag="500" ind1=" " ind2=" ">
      <marc:subfield code="a">Titre de la couv.</marc:subfield>
    </marc:datafield>
    <marc:datafield tag="500" ind1=" " ind2=" ">
      <marc:subfield code="a">« Date de publication : août 2018. »</marc:subfield>
    </marc:datafield>
    <marc:datafield tag="504" ind1=" " ind2=" ">
      <marc:subfield code="a">Comprend des références bibliographiques.</marc:subfield>
    </marc:datafield>
    <marc:datafield tag="520" ind1=" " ind2=" ">
      <marc:subfield code="a">« Après la tragédie de Lac Mégantic, le milieu de la santé publique et les praticiens de la gestion des urgences, ainsi que des citoyens inquiets et de nombreux groupes participant au transport et à l’utilisation de pétrole brut étaient d’avis qu’il était nécessaire de se doter d’un document d’orientation portant sur les principales caractéristiques des incidents mettant en cause du pétrole brut et sur la gestion de ces incidents. Le présent document d’orientation a été préparé pour répondre à ce besoin. Il s’adresse surtout aux praticiens en santé publique, santé environnementale et en gestion des urgences responsables de la gestion de la santé publique en cas d’accidents chimiques. Il est destiné à faciliter l’élaboration de plans de préparation aux urgences (notamment les activités de sensibilisation, d’éducation et de formation), et à élaborer des exercices d’urgence. Le présent guide fournit des informations de base sur le pétrole brut, ses dangers et ses effets potentiels sur la santé. L’accent est mis principalement sur l’exposition aiguë résultant d’accidents majeurs qui sont préoccupants pour la santé publique » -- Introd., p. 1.</marc:subfield>
    </marc:datafield>
    <marc:datafield tag="692" ind1="0" ind2="7">
      <marc:subfield code="2">gccst</marc:subfield>
      <marc:subfield code="a">Déversement de pétrole</marc:subfield>
    </marc:datafield>
    <marc:datafield tag="692" ind1="0" ind2="7">
      <marc:subfield code="2">gccst</marc:subfield>
      <marc:subfield code="a">Protection civile</marc:subfield>
    </marc:datafield>
    <marc:datafield tag="692" ind1="0" ind2="7">
      <marc:subfield code="2">gccst</marc:subfield>
      <marc:subfield code="a">Santé</marc:subfield>
    </marc:datafield>
    <marc:datafield tag="710" ind1="1" ind2=" ">
      <marc:subfield code="a">Canada. </marc:subfield>
      <marc:subfield code="b">Santé Canada.</marc:subfield>
    </marc:datafield>
    <marc:datafield tag="775" ind1="0" ind2="8">
      <marc:subfield code="t">Guidance for the environmental public health management of crude oil incidents </marc:subfield>
      <marc:subfield code="w">(CaOODSP)9.849592</marc:subfield>
    </marc:datafield>
    <marc:datafield tag="856" ind1="4" ind2="0">
      <marc:subfield code="q">PDF</marc:subfield>
      <marc:subfield code="s">4.62 Mo</marc:subfield>
      <marc:subfield code="u">https://publications.gc.ca/collections/collection_2018/sc-hc/H129-82-2018-fra.pdf</marc:subfield>
    </marc:datafield>
    <marc:datafield tag="986" ind1=" " ind2=" ">
      <marc:subfield code="a">170387</marc:subfield>
    </marc:datafield>
  </marc:record>
</marc:collection>
